| 000 | 00717nam a2200217Ia 4500 | ||
|---|---|---|---|
| 001 | 19488 | ||
| 003 | GE_BSU | ||
| 008 | 181216s||||||||xx |||||||||||||| ||und|| | ||
| 040 | _cGE_BSU | ||
| 100 | _aმაისურაძე, ი. | ||
| 245 | _aქართული სწორმეტყველების საკითხები. | ||
| 245 | _cრედ:ვ.პაიკიძე | ||
| 260 | _aთბილისი | ||
| 260 | _bგანათლება | ||
| 260 | _c1966 | ||
| 300 | _a45გვ;20სმ. | ||
| 541 | _h16თ. | ||
| 653 | _aქართული ენა | ||
| 653 | _aქართული სწორმეტყველება. ლექსიკა. | ||
| 942 | _cBK | ||
| 999 |
_c52465 _d52465 |
||